Manufacturing & service operations management
Uložené v:
| Médium: | Seriál |
|---|---|
| Jazyk: | English |
| Vydavateľské údaje: |
Catonsville
Institute for Operations Research and the Management Science - INFORMS
|
| Tagy: |
Žiadne tagy, Buďte prvý, kto otaguje tento záznam!
|
MARC
| LEADER | 00000nas1a2200000 4500 | ||
|---|---|---|---|
| 001 | 0307999 | ||
| 005 | 20250701092058.0 | ||
| 022 | |a 1523-4614 | ||
| 022 | |a 1526-5498 | ||
| 041 | 0 | |a eng | |
| 044 | |a US | ||
| 245 | 1 | 0 | |a Manufacturing & service operations management |
| 264 | 1 | |a Catonsville |b Institute for Operations Research and the Management Science - INFORMS | |